[Event "Challenge"]
[Site "http://www.queenalice.com/game.php?id=255370"]
[Date "2007.8.14"]
[Round "-"]
[White "Jonny_Fake"]
[Black "pitzenj"]
[Result "1-0"]
[WhiteElo "1621"]
[BlackElo "1456"]

1. e4 e5 2. Nf3 Nc6 3. Bc4 Qe7 4. Nc3 Nf6 5. Ng5 Nd8 6. d3 d6 7. Qf3 g6 8. h4
Bh6 9. Be3 Bg4 10. Qg3 O-O 11. f3 Be6 12. h5 Nxh5 13. Rxh5 Bxg5 14. Bxg5 f6 15.
Be3 Bxc4 16. dxc4 Kh8 17. Rh6 g5 18. O-O-O Qg7 19. Rdh1 Nf7 20. Rxh7+ Qxh7 21.
Rxh7+ Kxh7 22. Nd5 Rh8 23. Nxf6+ Kg7 24. Bxg5 Kf8 25. Qg4 Rd8 26. Qf5 Kg7 27.
Ng4 Nxg5 28. Qxg5+ Kh7 29. Nf6# 1-0

[Event "Challenge"]
[Site "http://www.queenalice.com/game.php?id=257370"]
[Date "2007.8.18"]
[Round "-"]
[White "pitzenj"]
[Black "hal50buck"]
[Result "0-1"]
[WhiteElo "1456"]
[BlackElo "1437"]

1. e4 e5 2. Qh5 Nc6 3. Nc3 Nf6 4. Qe2 Nd4 5. Qd3 Nh5 6. Nf3 Nf4 7. Qc4 Nxc2+ 8.
Kd1 Nxa1 9. Ng5 Ne6 10. Nxe6 dxe6 11. Qb5+ c6 12. Qxe5 f6 13. Qh5+ g6 14. Qf3 e5
15. b4 Be6 16. Bb2 Bh6 17. Bxa1 Qxd2# 0-1

[Event "Challenge"]
[Site "http://www.queenalice.com/game.php?id=267611"]
[Date "2007.9.6"]
[Round "-"]
[White "hal50buck"]
[Black "pitzenj"]
[Result "1-0"]
[WhiteElo "1586"]
[BlackElo "1510"]

1. e4 e5 2. Nf3 d6 3. Nc3 Bg4 4. Nd5 Nc6 5. c3 Nf6 6. Qa4 Bxf3 7. gxf3 Nxd5 8.
Bc4 Nf4 9. d3 Ng2+ 10. Kd1 Qd7 11. Qb5 b6 12. Qd5 g6 13. Bb5 Qh3 14. Qxc6+ Ke7
15. Qxa8 Qxf3+ 16. Kc2 f5 17. Bg5+ Kf7 18. Qe8+ Kg8 19. Bc4+ Kg7 20. Qd7+ 1-0

[Event "AUTO-INT-102"]
[Site "http://www.queenalice.com/game.php?id=269830"]
[Date "2007.9.11"]
[Round "2"]
[White "adilson_camargo"]
[Black "pitzenj"]
[Result "1-0"]
[WhiteElo "1830"]
[BlackElo "1497"]

1. d4 d5 2. c4 dxc4 3. Nc3 Bd7 4. e4 e6 5. Bxc4 c6 6. Nf3 Qe7 7. Bg5 Nf6 8. e5
Qb4 9. Bb3 Ne4 10. Bd2 Nxc3 11. Bxc3 Qe7 12. O-O g6 13. a3 Bg7 14. Re1 O-O 15.
Bb4 Qe8 16. Bxf8 Qxf8 17. Rc1 b6 18. h3 Na6 19. Nd2 Bh6 20. Rc2 Bg5 21. Nf3 Qh6
22. Qd3 Nc7 23. a4 a5 24. Nxg5 Qxg5 25. Re3 c5 26. dxc5 Bc6 27. Rg3 Qf4 28. Qd6
Na6 29. Qxc6 Rb8 30. Qd6 Qb4 31. c6 Qxb3 32. Rxb3 1-0

[Event "AUTO-INT-102"]
[Site "http://www.queenalice.com/game.php?id=269831"]
[Date "2007.9.11"]
[Round "2"]
[White "pitzenj"]
[Black "adilson_camargo"]
[Result "0-1"]
[WhiteElo "1502"]
[BlackElo "1856"]

1. e4 e5 2. Qh5 d6 3. Bc4 Qe7 4. Nc3 Nf6 5. Qf3 Be6 6. Bd5 c6 7. Bxe6 fxe6 8. b3
Qf7 9. Nge2 Be7 10. O-O d5 11. d3 d4 12. Na4 O-O 13. Ng3 b6 14. Bd2 Nbd7 15. Bg5
h6 16. Bxf6 Qxf6 17. Qg4 Ba3 18. Nh5 Qf7 19. c3 b5 20. c4 bxa4 21. bxa4 Nf6 22.
Nxf6+ Qxf6 23. a5 a6 24. Rab1 Be7 25. Rb6 Rfc8 26. h4 Rc7 27. h5 Bc5 28. Rbb1
Ba7 29. f4 exf4 30. Rxf4 Qe7 31. Qg6 Rf8 32. Rxf8+ Kxf8 33. Rf1+ Kg8 34. e5 Rc8
35. Rf6 Re8 36. Qg4 c5 37. Rxh6 Rf8 38. Rg6 Qf7 39. h6 Qf1+ 40. Kh2 Rf7 41. Qxe6
Kh7 42. hxg7 Qf4+ 43. Kh3 Rxg7 44. Rxg7+ Kxg7 45. Qe7+ Qf7 46. Qg5+ Qg6 47. Qd8
Qxd3+ 48. g3 Qf5+ 49. g4 Qf3+ 50. Kh4 Qf7 51. Qd6 Qxc4 52. Qf6+ Kg8 53. e6 Bb8
54. e7 Qf7 55. g5 d3 56. Qxa6 c4 57. Qf6 d2 58. Qd4 c3 59. Qd8+ Kg7 60. e8=Q
Qf2+ 61. Kg4 Qf4+ 62. Kh5 Qf3+ 63. Kh4 Qg3+ 64. Kh5 Qh3# 0-1

[Event "Challenge"]
[Site "http://www.queenalice.com/game.php?id=421297"]
[Date "2008.6.22"]
[Round "-"]
[White "Jonny_Fake"]
[Black "pitzenj"]
[Result "1-0"]
[WhiteElo "1836"]
[BlackElo "1477"]

1. e4 e5 2. Nf3 d6 3. Bc4 Qe7 4. d3 Bg4 5. O-O Nf6 6. Nc3 Nc6 7. h3 Bd7 8. Ng5
Nd8 9. Be3 a6 10. a4 a5 11. Ra3 g6 12. Nf3 Bg7 13. Nh2 O-O 14. d4 exd4 15. Bxd4
Nxe4 16. Nxe4 Qxe4 17. Nf3 c5 18. Re3 Qf4 19. Bxg7 Kxg7 20. Bd5 Bc6 21. Bxc6
bxc6 22. Rfe1 Ne6 23. Re4 Qf6 24. Qxd6 Rad8 25. Qxc6 Rc8 26. Qb5 Nd4 27. Nxd4
Rcd8 28. Qxc5 Rc8 29. Qxa5 Qd8 30. Qe5+ Kg8 31. h4 Rc4 32. b3 Rc8 33. h5 Re8 34.
Qxe8+ 1-0

[Event "Challenge"]
[Site "http://www.queenalice.com/game.php?id=421298"]
[Date "2008.6.22"]
[Round "-"]
[White "pitzenj"]
[Black "Jonny_Fake"]
[Result "0-1"]
[WhiteElo "1492"]
[BlackElo "1834"]

1. d4 d5 2. e3 Bf5 3. Nf3 Nf6 4. Ne5 e6 5. Nxf7 Kxf7 6. Be2 Nc6 7. O-O Bd6 8.
Nc3 Rf8 9. a3 Kg8 10. Nb5 g6 11. f4 Ne4 12. Qe1 Qf6 13. b4 Qg7 14. Nxd6 cxd6 15.
b5 Ne7 16. a4 g5 17. g3 Bh3 18. Ba3 Nf5 19. g4 Nxe3 20. Rf3 Nxc2 21. Qc1 Nxa1
22. Qxa1 Bxg4 23. Re3 Rxf4 24. h3 Bxe2 25. Rxe2 g4 26. Bxd6 gxh3+ 27. Kh2 Qg3+
28. Kh1 Nf2+ 29. Rxf2 Qxf2 30. Bxf4 Qg2# 0-1

[Event "AUTO-INT-940"]
[Site "http://www.queenalice.com/game.php?id=421763"]
[Date "2008.6.22"]
[Round "1"]
[White "dladuke7"]
[Black "pitzenj"]
[Result "1-0"]
[WhiteElo "1486"]
[BlackElo "1481"]

1. e4 e5 2. Nf3 Nc6 3. Nc3 Nf6 4. Bc4 Qe7 5. O-O Nd8 6. d3 d6 7. Bg5 g6 8. Nd5
Qd7 9. Nxf6+ Ke7 10. Nxd7+ Kxd7 11. Bf6 Rg8 12. Bxd8 Kxd8 13. Ng5 Be6 14. Nxf7+
Bxf7 15. Bxf7 Rg7 16. Qf3 Ke7 17. Qh3 Kxf7 18. Qd7+ Kg8 19. Qe6+ Kh8 20. Rae1
Re7 21. Qf6+ Rg7 22. Re3 Be7 23. Qe6 Rf8 24. Rf3 Rxf3 25. gxf3 Bf8 26. Kh1 Re7
27. Qf6+ Kg8 28. Rg1 Rf7 29. Qd8 Rxf3 30. Rg2 h6 31. Rg3 Rxg3 32. hxg3 h5 33.
Qxc7 1-0

[Event "AUTO-INT-940"]
[Site "http://www.queenalice.com/game.php?id=421764"]
[Date "2008.6.22"]
[Round "1"]
[White "pitzenj"]
[Black "dladuke7"]
[Result "1-0"]
[WhiteElo "1475"]
[BlackElo "1523"]

1. d4 d5 2. Nf3 Nf6 3. Nc3 Nc6 4. Bg5 Ne4 5. Nxe4 dxe4 6. Nd2 h6 7. Be3 e6 8. g3
Nxd4 9. Bxd4 Qxd4 10. e3 Qxb2 11. Nxe4 Bb4+ 12. Ke2 Bd7 13. Rb1 Bb5+ 14. Kf3
Qxa2 15. Bxb5+ c6 16. Bd3 Rd8 17. Kg2 O-O 18. Qg4 Be7 19. Rxb7 Rfe8 20. Nc3 Qa5
21. Ne2 Rb8 22. Rxb8 Rxb8 23. Nf4 Rb5 24. Bxb5 Qxb5 25. Nh5 Bg5 26. h4 f6 27.
hxg5 fxg5 28. Qxe6+ Kh7 29. Rd1 c5 30. Rd6 Qb8 31. Qg6+ 1-0

[Event "AUTO-INT-940"]
[Site "http://www.queenalice.com/game.php?id=421775"]
[Date "2008.6.22"]
[Round "1"]
[White "MusicMan"]
[Black "pitzenj"]
[Result "1-0"]
[WhiteElo "1558"]
[BlackElo "1490"]

1. Nf3 d5 2. g3 Nc6 3. c4 dxc4 4. Na3 Be6 5. Bg2 Nf6 6. O-O g6 7. Ne1 Bd5 8.
Bxd5 Nxd5 9. Nxc4 Bg7 10. d3 O-O 11. e3 b5 12. Nd2 a5 13. Ne4 a4 14. Nc5 a3 15.
bxa3 Bxa1 16. e4 Nc3 17. Qc2 Qd4 18. Nb3 Ne2+ 19. Qxe2 Bc3 20. Nxd4 Bxd4 21. Nf3
Bf6 22. e5 Nxe5 23. Nxe5 Bxe5 24. d4 Bxd4 25. Qxe7 Rae8 26. Qxc7 Rc8 27. Qf4
Rfd8 28. Rd1 Rc4 29. Be3 Bxe3 30. Rxd8+ Kg7 31. Qe5+ Kh6 32. Qxe3+ 1-0

[Event "AUTO-INT-940"]
[Site "http://www.queenalice.com/game.php?id=421776"]
[Date "2008.6.22"]
[Round "1"]
[White "pitzenj"]
[Black "MusicMan"]
[Result "0-1"]
[WhiteElo "1493"]
[BlackElo "1585"]

1. d4 c5 2. Nf3 e6 3. Bf4 f5 4. g3 Nf6 5. Bg2 Be7 6. O-O b6 7. Ne5 d6 8. Bxa8
O-O 9. Nf3 Nh5 10. Be3 Nd7 11. Bc6 f4 12. gxf4 Ndf6 13. Qd3 Qc7 14. Be4 c4 15.
Qc3 d5 16. Bxh7+ Nxh7 17. Ne5 Nxf4 18. Bxf4 Rxf4 19. f3 a5 20. e3 Rh4 21. Rf2
Bb4 22. Qxb4 axb4 23. Ng6 Rh6 24. Rg2 Rxh2 25. Rxh2 Qg3+ 26. Rg2 Qe1+ 27. Kh2
Kf7 28. Nf4 Qh4+ 29. Kg1 Ng5 30. Nd2 e5 31. Nxd5 Bh3 32. Rh2 Qg3+ 33. Kh1 Nxf3
34. Nxf3 Qxf3+ 0-1

[Event "AUTO-INT-940"]
[Site "http://www.queenalice.com/game.php?id=421781"]
[Date "2008.6.22"]
[Round "1"]
[White "vagner_pirai"]
[Black "pitzenj"]
[Result "1-0"]
[WhiteElo "1700"]
[BlackElo "1500"]

1. e4 e5 2. d4 Nf6 3. dxe5 Nxe4 4. Bc4 Nc5 5. Nf3 Nc6 6. Ng5 Nxe5 7. Qe2 Qe7 8.
O-O f6 9. Nf3 d6 10. Nxe5 dxe5 11. Nc3 b6 12. Nd5 Qd6 13. Rd1 Qc6 14. Bb5 Qxb5
15. Qxb5+ Bd7 16. Nxc7+ Kf7 17. Rxd7+ 1-0

[Event "AUTO-INT-940"]
[Site "http://www.queenalice.com/game.php?id=421782"]
[Date "2008.6.22"]
[Round "1"]
[White "pitzenj"]
[Black "vagner_pirai"]
[Result "0-1"]
[WhiteElo "1481"]
[BlackElo "1769"]

1. d4 d5 2. Nf3 Bf5 3. Ne5 e6 4. Nxf7 Kxf7 5. e3 c5 6. dxc5 Bxc5 7. Be2 Nf6 8.
O-O Rf8 9. Bh5+ Nxh5 10. Qxh5+ Bg6 11. Qe5 Nc6 12. Qc3 Bb4 13. Qb3 Kg8 14. Bd2
Qe7 15. c3 Bd6 16. c4 Qh4 17. g3 Qxc4 18. Qd1 Rf7 19. Nc3 Raf8 20. f4 e5 21. Rc1
exf4 22. exf4 Qd4+ 23. Kh1 Be4+ 24. Nxe4 Qxe4+ 25. Rf3 Nd4 26. Kg2 g5 27. Rc3 g4
28. Re3 gxf3+ 29. Kf2 Qf5 30. Bc3 Nc2 31. Rxf3 Bc5+ 32. Kg2 Qe4 0-1

[Event "Challenge"]
[Site "http://www.queenalice.com/game.php?id=764554"]
[Date "2010.4.22"]
[Round "-"]
[White "CountGrobula"]
[Black "pitzenj"]
[Result "1-0"]
[WhiteElo "1429"]
[BlackElo "1483"]

1. d4 d5 2. e3 g6 3. Bd3 Nf6 4. Nf3 Nc6 5. Nbd2 Bg7 6. c3 O-O 7. O-O Bg4 8. Qc2
a5 9. Re1 b6 10. e4 dxe4 11. Bxe4 Qd7 12. Ne5 Qe6 13. Bxc6 Rad8 14. Ndf3 Bf5 15.
Qd1 Ng4 16. Ng5 Qf6 17. Nxg4 Qxc6 18. Rxe7 Bf6 19. Nxf6+ Qxf6 20. Rxc7 h6 21.
Nf3 Bg4 22. Qd3 Rfe8 23. Ne5 Re6 24. f4 Bf5 25. Qc4 g5 26. Bd2 Rb8 27. Rf1 b5
28. Rc8+ Rxc8 29. Qxc8+ Kg7 30. fxg5 hxg5 31. g4 Rxe5 32. Rxf5 Rxf5 33. gxf5 Qh6
34. Qc5 Qh3 35. f6+ Kg6 36. Qxg5+ 1-0

[Event "Challenge"]
[Site "http://www.queenalice.com/game.php?id=765086"]
[Date "2010.4.23"]
[Round "-"]
[White "pitzenj"]
[Black "hal50buck"]
[Result "1-0"]
[WhiteElo "1460"]
[BlackElo "1751"]

1. d4 d5 2. Nf3 Nc6 3. g3 Nf6 4. c3 Bf5 5. Nbd2 e6 6. e3 Bd6 7. Bg2 h6 8. O-O
O-O 9. b4 Ne7 10. Qe2 Ng6 11. Nb3 Ne4 12. Bb2 Qd7 13. c4 Bxb4 14. c5 b6 15. cxb6
axb6 16. Nc1 Ba3 17. Bxa3 Rxa3 18. Nd3 Qb5 19. Nfe1 Qc4 20. Rc1 Nc3 21. Qb2 Bxd3
22. Nxd3 Qxd3 23. Bf3 Nb5 24. Rfd1 Qf5 25. Be2 Nc3 26. Rxc3 Ra7 27. Bd3 Qh5 28.
Rdc1 Rc8 29. f4 Ne7 30. R1c2 f5 31. Qc1 c6 32. a3 Qe8 33. Bb5 Raa8 34. Bxc6 Nxc6
35. Rxc6 Rcb8 36. R2c3 Kh7 37. Qb2 Ra7 38. Rxb6 Rd8 39. Qc2 Rdd7 40. g4 Qg6 41.
h3 1-0

[Event "Challenge"]
[Site "http://www.queenalice.com/game.php?id=774894"]
[Date "2010.5.13"]
[Round "-"]
[White "pitzenj"]
[Black "hal50buck"]
[Result "0-1"]
[WhiteElo "1488"]
[BlackElo "1703"]

1. d4 d5 2. c3 Nc6 3. Nf3 Nf6 4. g3 Bf5 5. Nbd2 Ne4 6. Nxe4 Bxe4 7. Bg2 Qd7 8.
O-O O-O-O 9. Bf4 f6 10. b4 g5 11. Bc1 h5 12. a4 h4 13. b5 Na5 14. Qd2 Nb3 15.
Qb2 Nxa1 16. Qxa1 h3 17. Bh1 Bh6 18. Nd2 Bxh1 19. Kxh1 g4 20. Nb3 Qe6 21. Bxh6
Qe4+ 22. f3 Qxe2 0-1

[Event "pitzenj"]
[Site "http://www.queenalice.com/game.php?id=781161"]
[Date "2010.5.26"]
[Round "-"]
[White "foda"]
[Black "pitzenj"]
[Result "0-1"]
[WhiteElo "1454"]
[BlackElo "1473"]

1. e4 e5 2. Nf3 Nc6 3. Bc4 Qe7 4. O-O Nf6 5. d4 Nxe4 6. Bg5 Nxg5 7. Nxg5 Qxg5 8.
Qf3 f6 9. d5 Nd4 10. Qd1 d6 11. Nc3 Bh3 12. Ne4 Qxg2# 0-1

[Event "Challenge"]
[Site "http://www.queenalice.com/game.php?id=781974"]
[Date "2010.5.28"]
[Round "-"]
[White "Phantom"]
[Black "pitzenj"]
[Result "0-1"]
[WhiteElo "1103"]
[BlackElo "1481"]

1. e4 e5 2. Bc4 Qe7 3. Nh3 g6 4. d3 Nf6 5. Ng5 Nc6 6. Bxf7+ Kd8 7. Bb3 d6 8. O-O
Nd4 9. Nf7+ Ke8 10. Nxh8 Nxb3 11. axb3 Qg7 12. Nxg6 Qxg6 13. Re1 Bh3 14. Kf1
Qxg2+ 15. Ke2 Bg4+ 16. Kd2 Bxd1 17. Rxd1 d5 18. Kc3 d4+ 19. Kd2 Qxf2# 0-1